DC Comics 'CONVERGENCE' Titles Quiz Stats

 Plays Quiz not verified by Sporcle

Challenge
Share
Tweet
Embed
Score 0/41 Timer 08:00
0 Plays Today
Hint Answer % Correct
WEEK 1SUPERMAN
93.5%
MAIN SERIESCONVERGENCE
89.1%
WEEK 3THE FLASH
84.8%
WEEK 2GREEN LANTERN PARALLAX
83.7%
WEEK 1JUSTICE LEAGUE
81.5%
WEEK 3WONDER WOMAN
80.4%
WEEK 2GREEN ARROW
75%
WEEK 2SUPERGIRL: MATRIX
73.9%
WEEK 2SUPERBOY
71.7%
WEEK 2AQUAMAN
70.7%
WEEK 1BATGIRL
69.6%
WEEK 4DETECTIVE COMICS
68.5%
WEEK 1BATMAN AND ROBIN
67.4%
WEEK 1NIGHTWING ORACLE
67.4%
WEEK 4ACTION COMICS
67.4%
WEEK 3HAWKMAN
66.3%
WEEK 4JUSTICE SOCIETY OF AMERICA
65.2%
WEEK 4BLUE BEETLE
62%
WEEK 4BOOSTER GOLD
62%
WEEK 3JUSTICE LEAGUE AMERICA
59.8%
WEEK 2JUSTICE LEAGUE INTERNATIONAL
58.7%
Hint Answer % Correct
WEEK 2SUICIDE SQUAD
58.7%
WEEK 3GREEN LANTERN CORPS
55.4%
WEEK 1THE ATOM
54.3%
WEEK 2CATWOMAN
54.3%
WEEK 1TITANS
53.3%
WEEK 3SWAMP THING
52.2%
WEEK 3BATMAN AND THE OUTSIDERS
50%
WEEK 3SUPERBOY AND THE LEGION OF SUPER-HEROES
50%
WEEK 4PLASTIC MAN AND THE FREDOM FIGHTERS
50%
WEEK 4SHAZAM!
50%
WEEK 2SUPERMAN THE MAN OF STEEL
47.8%
WEEK 1HARLEY QUINN
44.6%
WEEK 1THE QUESTION
44.6%
WEEK 4CRIME SYNDICATE
44.6%
WEEK 3ADVENTURES OF SUPERMAN
42.4%
WEEK 1SPEED FORCE
41.3%
WEEK 3NEW TEEN TITANS
41.3%
WEEK 4INFINITY INC.
38%
WEEK 2BATMAN: SHADOW OF THE BAT
37%
WEEK 4WORLD'S FINEST COMICS
34.8%

You're not logged in!

Compare scores with friends on all Sporcle quizzes.
Join for Free
OR
Log In

You Might Also Like...

Show Comments

Extras

Created Mar 2, 2015ReportFavoriteNominate
Tags:DC Comics Quiz

Top Quizzes Today


Score Distribution

Your Account Isn't Verified!

In order to create a playlist on Sporcle, you need to verify the email address you used during registration. Go to your Sporcle Settings to finish the process.

Report this User

Report this user for behavior that violates our Community Guidelines.

Details: